| 000 | 00717nam a2200205Ia 4500 | ||
|---|---|---|---|
| 003 | OSt | ||
| 005 | 20251008162044.0 | ||
| 008 | 210210b1997 xxu||||| |||| 00| 0 eng d | ||
| 040 | _cAL | ||
| 041 | _aKannada | ||
| 082 | _aK894.109 NAGI | ||
| 100 |
_aNAGABHUSHANASVAMI (O L) _dನಾಗಭೂಷಣಸ್ವಾಮಿ(ಓ ಎಲ್) _9241759 |
||
| 245 |
_aIndina hejje: vachanagalannu kurita prabandhagalu _bಇಂದಿನ ಹೆಜ್ಜೆ: ವಚನಗಳನ್ನು ಕುರಿತ ಪ್ರಬಂಧಗಳು |
||
| 260 |
_aSagara _bAkshara Prakashana _c1997 |
||
| 300 | _aiv,95 | ||
| 650 |
_aVachanagala teeke _9241760 |
||
| 690 |
_aKannada Poetry Criticism _9241761 |
||
| 906 | _aSG04090 | ||
| 942 |
_2ddc _cSG |
||
| 999 |
_c114630 _d114630 |
||